[Event "12° WEEK END "]
[Site "SAN SEVERINO MARCHE ITA"]
[Date "2010.09.04"]
[Round "2"]
[White "RENZETTI, Leonardo"]
[Black "GIANFELICI, Edoardo"]
[Result "0-1"]
[WhiteElo "1443"]
[BlackElo "2047"]
[PlyCount "114"]
[EventDate "2010.09.03"]

1. d4 Nf6 2. Bf4 c5 3. d5 d6 4. c4 g6 5. Nc3 Bg7 6. e4 O-O 7. Bd3 a6 8. Nf3 Bg4
9. Qb3 b6 10. Na4 Nbd7 11. Nc3 Bxf3 12. gxf3 Ne5 13. Bxe5 dxe5 14. Na4 Rb8 15.
Nc3 Ne8 16. Qa4 Qc8 17. Be2 Nd6 18. b3 f5 19. Qc6 Qxc6 20. dxc6 Rfc8 21. exf5
Nxf5 22. Nd5 e6 23. Bd3 exd5 24. Bxf5 gxf5 25. cxd5 Rc7 26. O-O-O Rd8 27. Rhe1
Rd6 28. Kc2 Kf7 29. b4 cxb4 30. Kb3 Ke7 31. Kxb4 Rh6 32. f4 Rg6 33. fxe5 Kd8
34. e6 Rg4+ 35. Kb3 Re4 36. Rxe4 fxe4 37. Re1 Ke7 38. Rxe4 Kd6 39. a4 Be5 40.
f4 Bf6 41. Kc4 Rc8 42. f5 Rb8 43. Re2 Re8 44. Re1 Re7 45. Re2 Rg7 46. Rd2 Rg4+
47. Kb3 Rf4 48. c7 Kxc7 49. d6+ Kd8 50. e7+ Kd7 51. Rc2 Re4 52. Rd2 Rf4 53. Ka2
Rxf5 54. Re2 Re5 55. Rf2 Re6 56. Kb3 Rxd6 57. Re2 Bxe7 0-1

[Event "12° WEEK END "]
[Site "SAN SEVERINO MARCHE ITA"]
[Date "2010.09.04"]
[Round "2"]
[White "SPADA, Angelo"]
[Black "GRAZIANI, Claudio"]
[Result "0-1"]
[WhiteElo "2046"]
[BlackElo "2000"]
[PlyCount "88"]
[EventDate "2010.09.03"]

1. d4 d5 2. e3 Nc6 3. f4 Nf6 4. Nf3 Bf5 5. c4 e6 6. Nc3 Nb4 7. cxd5 Nc2+ 8. Kf2
exd5 9. Rb1 Nb4 10. Ra1 Be7 11. Ne5 Ne4+ 12. Nxe4 Bxe4 13. Be2 O-O 14. a3 f6
15. axb4 fxe5 16. dxe5 c5 17. Bd2 cxb4 18. Bf3 Qb6 19. Bxe4 dxe4 20. Qb3+ Kh8
21. g3 Rad8 22. Rhd1 Rd3 23. Qc4 Rfd8 24. Ke1 Bc5 25. Qxe4 Bxe3 26. Bxb4 Bf2+
27. Ke2 Re3+ 28. Qxe3 Qxe3+ 29. Kf1 Rxd1+ 30. Rxd1 h5 31. Rd2 Qe1+ 32. Kg2 Qg1+
33. Kf3 Bb6 34. Ke4 Kh7 35. e6 Qe3+ 36. Kf5 Bd4 37. e7 Bf6 38. Rd7 a5 39. Bd6
Qd3+ 40. Ke6 Qc4+ 41. Kf5 Qd5+ 42. Be5 Qxd7+ 43. Ke4 Qxe7 44. h3 b5 0-1

[Event "12° WEEK END "]
[Site "SAN SEVERINO MARCHE ITA"]
[Date "2010.09.04"]
[Round "2"]
[White "FAINI, Marco"]
[Black "MAZZARINI, Daniele"]
[Result "1/2-1/2"]
[WhiteElo "1959"]
[BlackElo "1811"]
[PlyCount "63"]
[EventDate "2010.09.03"]

1. c4 c6 2. g3 g6 3. Bg2 Bg7 4. Nc3 Nf6 5. e4 d6 6. Nge2 O-O 7. d3 Nbd7 8. Rb1
Qc7 9. b4 a5 10. b5 c5 11. f4 Nb6 12. h3 e5 13. O-O Nh5 14. f5 h6 15. g4 Nf4
16. Nxf4 exf4 17. Ne2 g5 18. h4 Nd7 19. Bb2 b6 20. e5 Rb8 21. exd6 Qxd6 22.
Bxg7 Kxg7 23. d4 Bb7 24. Bxb7 Rxb7 25. Kg2 Re8 26. Rb3 Nf6 27. Kh3 Rbe7 28. Ng1
Re3+ 29. Rf3 cxd4 30. Rfxe3 fxe3 31. Ne2 gxh4 32. Rd3 1/2-1/2

[Event "12° WEEK END "]
[Site "SAN SEVERINO MARCHE ITA"]
[Date "2010.09.04"]
[Round "2"]
[White "LUZI, Alessandro"]
[Black "FAINI, Ivano"]
[Result "1/2-1/2"]
[WhiteElo "1909"]
[BlackElo "1666"]
[PlyCount "62"]
[EventDate "2010.09.03"]

1. e4 d5 2. exd5 Qxd5 3. Nc3 Qa5 4. d4 c6 5. Bd2 Qc7 6. Nf3 Nf6 7. Bd3 Bg4 8.
h3 Bh5 9. Qe2 e6 10. O-O-O Bb4 11. g4 Bg6 12. Ne5 Bxd3 13. Nxd3 Bxc3 14. Bxc3
Nd5 15. Bd2 Nd7 16. Bg5 b5 17. Nc5 Nxc5 18. dxc5 a5 19. Bh4 O-O 20. Bg3 Qb7 21.
h4 b4 22. h5 Nc3 23. Qe3 Nxd1 24. Rxd1 Rfe8 25. h6 f6 26. Rd6 e5 27. Qd3 Ra7
28. Qe4 gxh6 29. Rxf6 Qa6 30. Rd6 Rae7 31. Bh4 Rf7 1/2-1/2

[Event "12° WEEK END "]
[Site "SAN SEVERINO MARCHE ITA"]
[Date "2010.09.03"]
[Round "2"]
[White "CARDONA, Alberto"]
[Black "GUGLIELMI, Dante"]
[Result "1/2-1/2"]
[WhiteElo "1805"]
[BlackElo "1912"]
[PlyCount "95"]
[EventDate "2010.09.03"]

1. c4 Nf6 2. Nc3 g6 3. g3 Bg7 4. Bg2 O-O 5. Nf3 d6 6. O-O c6 7. d3 Nbd7 8. Rb1
Ng4 9. Bf4 Nde5 10. Nxe5 Nxe5 11. Qc1 Re8 12. Ne4 Qa5 13. a3 Ng4 14. h3 Nf6 15.
Nxf6+ Bxf6 16. b4 Qd8 17. b5 Bd7 18. a4 Qa5 19. Qd1 Rab8 20. c5 e5 21. Bd2 Qc7
22. b6 axb6 23. cxb6 $11 Qc8 24. Kh2 Be6 25. Bc3 d5 26. e4 dxe4 27. dxe4 Rd8
28. Qc2 Bc4 29. Rfd1 Rxd1 30. Rxd1 Qe6 31. Qb2 Bb3 32. Ra1 Kg7 33. a5 Bc4 34.
Rd1 Re8 35. Bb4 Rd8 36. Rxd8 Bxd8 37. Qd2 Be7 38. Bc3 Qd6 39. Qc2 Bb5 40. f4
Bf6 41. f5 Qd3 42. Qb2 Qd6 43. fxg6 hxg6 44. h4 Ba6 45. Bb4 Qd4 46. Bc3 Qd6 47.
Bb4 Qd4 48. Bc3 1/2-1/2